| 000 | 00421cam a2200169ua 4500 | ||
|---|---|---|---|
| 020 |
_a0-85226-596-6 _c20.00 |
||
| 041 |
_aeng _h |
||
| 082 |
_a664 _bSUM/FO |
||
| 100 | _aSumati, Mudambi R . | ||
| 245 |
_aFood science / _cSumati R Mudambi. _hTextual Documents |
||
| 260 |
_aNew Delhi : _bWiley Eastern Ltd , _c1994. |
||
| 300 | _a221 ; . | ||
| 365 | _a20.00 | ||
| 504 | _a | ||
| 942 | _cBK | ||
| 999 |
_c7288 _d7288 |
||